Finančné sprostredkovanie a tzv. brokerpool

Model brokepool ako spôsob vykonávania finančného sprostredkovania. Zákon č. 186/2009 Z. z. o finančnom sprostredkovaní a finančnom poradenstve. Podriadený finančný agent a samostatný finančný agent.

Salvato in:
Dettagli Bibliografici
Autore principale: Slezáková, Andrea, 1980-
Natura: Capitolo di libro
Lingua:slovacco
Soggetti:
Tags: Aggiungi Tag
Nessun Tag, puoi essere il primo ad aggiungerne!!

MARC

LEADER 00000naa a2200000 4500
001 0286361
005 20240502074415.9
041 0 |a slo 
044 |a SK 
245 1 0 |a Finančné sprostredkovanie a tzv. brokerpool  |c Andrea Slezáková 
520 |a Model brokepool ako spôsob vykonávania finančného sprostredkovania. Zákon č. 186/2009 Z. z. o finančnom sprostredkovaní a finančnom poradenstve. Podriadený finančný agent a samostatný finančný agent. 
610 2 0 |a legislatíva 
610 2 0 |a služby finančné 
610 2 0 |a modely 
100 1 |a Slezáková, Andrea, 1980-